1032 1246 1234 1921 1664 1671 1691 1103 1101 1929 1483 1534 1362 1708 1700 1976 1762 1718 1157 1210 1011 1779 1117 1563 1524 1974 1118 1273 1623 1500 1990 1055 1696 1748 1411 1674 1839 1124 1334 1174 1180 1866 1656 1779 1118 1602 1754 1860 1430 1303 1566 1264 1428 1360 1076 1621 1683 1555 1624 1618 1612 1851 1878 1816 1318 1149 1094 1288 1802 1285 1182 1135 1392 1204 1024 1758 1042 1001 1319 1227 1936 1522 1790 1553 1459 1471 1745 1507 1296 1152 1534 1957 1518 1496 1776 1476 1099 1742 1809 BCNSPRNW ULIB Ver.6.0+V

เปลี่ยนเป็นภาษาไทย

Change to English
 แสดงรายละเอียดบรรณานุกรม
  กลับหน้าหลัก

Brief Record : Get Marc (ISO 2709) : E-mail record : QR code < ปิดหน้าต่าง
LEADER : 00000nam 2200000uu 4500
001    13399123364
003     ULIB
008    140827s2548||||th 000 0 tha d
099    วจ WY18.8^bพ188ผ
100 0  พนมพร ยงทองมุก
245 00 ผลการใช้ระบบพยาบาลพี่เลี้ยงต่อความสุขและผลสัมฤทธิ์ทางการเรียนในหารฝึกปฏิบัติงานวิชา บริหารการพยาบาลของนักศึกษาพยาบาลชั้นปีที่ 4 วิทยาลัยพยาบาลบรมราชชนนี สระบุรี/^cพนมพร ยงทองมุก
260    วิทยาลัยพยาบาลบรมราชชนนี สระบุรี,^c2548
945    ^p0^l0^i020410
999    ^aเกษร โพธิ์สุวรรณ
รายการนี้ยังไม่มีแท็ก
คุณยังไม่ได้ล็อกอิน คุณสามารถมีกิจกรรมร่วมกับเว็บไซต์ได้ แต่ต้องล็อกอินก่อน ::
  ล็อกอิน

รายการสื่อสารสนเทศ

ลำดับที่ ประเภท เลขเรียก/บาร์โค้ด สถานที่ สถานะ
1. งานวิจัย
งานวิจัย
วจ WY18.8 พ188ผ ฉ.1 
  Barcode: 020410
ห้องสมุดวิทยาเขตสวรรค์ประชารักษ์
►วิจัย
บนชั้น

BibComment


ยังไม่เคยถูกคอมเมนท์

คอมเมนท์ทรัพยากรรายการนี้
  คอมเมนท์: ผลการใช้ระบบพยาบา..


 Copyright 2026. Bcnsprnw @Library